Normal view MARC view
  • shabir sharif shaheed (Nishan e haider)- fateh sabona

Entry Corporate Name

Number of records used in: 2

001 - CONTROL NUMBER

  • control field: 9150

003 - CONTROL NUMBER IDENTIFIER

  • control field: NUST

005 - DATE AND TIME OF LATEST TRANSACTION

  • control field: 20180119193934.0

008 - FIXED-LENGTH DATA ELEMENTS

  • fixed length control field: 180119|| aca||aabn | a|a d

040 ## - CATALOGING SOURCE

  • Original cataloging agency: NUST
  • Transcribing agency: NUST

110 ## - HEADING--CORPORATE NAME

  • Corporate name or jurisdiction name as entry element: shabir sharif shaheed (Nishan e haider)- fateh sabona

670 ## - SOURCE DATA FOUND

  • Source citation: Work cat.: (NUST)320515: Ashfaq Hussain, Col (R) 9149, Fatih Sabuna ; Major Shabbir Sharif shaheed, 2011
© 2023 Central Library, National University of Sciences and Technology. All Rights Reserved.